| 000 | 01746nam a2200241Ia 4500 | ||
|---|---|---|---|
| 003 | Ost | ||
| 005 | 20260507075544.0 | ||
| 008 | 260507s9999||||xx |||||||||||||| ||und|| | ||
| 020 | _a9957181157 | ||
| 040 | _cfsecg | ||
| 041 | _aara | ||
| 082 | _a658.8 | ||
| 100 |
_aالصميدعي، محمود جاسم _eمؤلف |
||
| 245 | 0 |
_aالتسويق الدوائي : _bمدخل استراتيجي تحليلي / _c محمود جاسم الصميدعي |
|
| 260 |
_aعمان: _bدار المناهج للنشر والتوزيع, _c2006 |
||
| 300 |
_a305 صفحة؛ _bإيضاحات ؛ _c24 سم |
||
| 504 | _aبيبليوغرافيا: ص ص.303-305 | ||
| 520 | _aيضم مدخل في التسويق الدوائي، البيئة التسويقية الدوائية، التخطيط الإستراتيجي للأنشطة التسويقية الدوائية، تحليل المنافسة في الصناعة الدوائية، استراتيجيات التسويق الدوائي، الأسواق الدوائية المستهدفة وتجزئتها، التنبؤ وتقدير حجم المبيعات في الأسواق الدوائية، المنتجات الدوائية والمكانة الذهنية لها، استرلتيجية التسعير للمنتجات الدوائية، استراتيجيات الترويج الدوائي، الإستراتيجات التنافسية في الأسواق الدوائية، المبادئ العامة الإستراتيجيات التسويقية للمنتجات الدوائية والتعامل مع أنماط العملاء | ||
| 653 | _aالأدوية- تسويق | ||
| 653 | _aالتسويق | ||
| 700 |
_aالساعد، رشاد محمد _eمؤلف ثانوي |
||
| 942 | _cكتاب | ||
| 999 |
_c44884 _d44884 |
||